000 00831nam a2200253 i 4500
001 181056
003 ES-MaACL
005 20231007174407.0
008 121015s2004 sp | |||| ||spa d
020 _a84-9736-279-9
080 _a355.51:069(460.27 M.)
080 _a94(460)
100 1 _aMarrera Cabrero, Juan Antonio.
_9151595
245 1 0 _aMomentos clave de la historia de España en el Museo del Ejército /
_cJuan Antonio Marrero.
250 _a1ª ed.
260 _aMadrid :
_bLibro-Hobby,
_c2004.
300 _a351 p. :
_bil. col. y n. ;
_c25 cm.
504 _aBibliografía: p. 347-348.
610 0 4 _aMuseo del Ejército (España)
_95861
651 4 _aEspaña-
_xHistoria.
_98209
852 _aES-MaACL
_jA-12272
_9187939
_bR.148107
_cDEPO1
_dOlim: N-5277
942 _2udc
_cMONOGRAFIA
999 _c181056
_d181056